| 000 | 00973nam a2200217Ia 4500 | ||
|---|---|---|---|
| 001 | dd36-51936 | ||
| 003 | IT-MiCISF | ||
| 008 | 161014s9999||||xx |||||||||||||| ||und|| | ||
| 040 |
_aIT-MiCISF _cIT-MiCISF |
||
| 041 | _ait | ||
| 100 | _aColusso Luigi (a cura di) | ||
| 245 | 0 |
_aRimanere insieme _bLasciarli andare, rimanere insieme. Gruppi di mutuo aiuto per l'elaborazione del lutto |
|
| 250 | _a1a ed. | ||
| 260 |
_a Treviso _bFondazione "Amici dell'Associazione Advar" _c2007 |
||
| 300 | _app. 223 | ||
| 500 | _aAtti del IV Convegno nazionale. Aite L., Barbisan C., Bastianello D., Baldissera R., Bencivenga S., Bertucci E., Boccanegra L., Bonato B., Borsellino P., Capodieci S., Cazzaniga E...... / morte, famiglia, operatori-sanitari, malato-terminale, lutto, esperienze, gruppi-informali, infanzia, spiritualità, associazioni, indirizzi / documento | ||
| 650 | _amorte | ||
| 700 | _aMoretto Annalisa (a cura di) | ||
| 942 | _cBK | ||
| 957 | _71 | ||
| 999 |
_a51936 _bsi _g1 _c209303 _d209303 |
||